[Event "V Floripa Open 2019"]
[Site "Florianopolis"]
[Date "2019.01.22"]
[Round "3.128"]
[White "Monteiro, Daniel Zotelli"]
[Black "Cordioli, Jairo Ribeiro"]
[Result "0-1"]
[WhiteElo "1567"]
[BlackElo "1872"]
[PlyCount "94"]
[EventDate "2019.01.21"]
[EventType "swiss"]
[EventRounds "10"]
[EventCountry "BRA"]

1. e4 c5 2. Nf3 d6 3. d4 cxd4 4. Nxd4 Nf6 5. Nc3 a6 6. Bg5 e6 7. a4 Be7 8. Qd2 Nc6 9. Be2 O-O 10. O-O Bd7 11. Kh1 Rc8 12. f4 Qb6 13. Nb3 Rfd8 14. Rf3 Nb4 15. Bd3 Bc6 16. Qe2 Nxd3 17. Rxd3 Qc7 18. Nd4 Be8 19. f5 e5 20. Nb3 Bc6 21. Rad1 b5 22. axb5 axb5 23. Bxf6 Bxf6 24. Rh3 b4 25. Nb1 d5 26. c3 dxe4 27. cxb4 Rxd1+ 28. Qxd1 Rd8 29. Qh5 h6 30. Rc3 Qd6 31. h3 Bg5 32. Kh2 e3 33. Qe2 Be4 34. Na3 Bxf5 35. Nc4 Qa6 36. g3 Be6 37. Nc5 Bxc4 38. Qxc4 Rd2+ 39. Kg1 Rd1+ 40. Kg2 Qxc4 41. Rxc4 e2 42. Re4 e1=Q 43. Rxe1 Rxe1 44. Kf3 f5 45. h4 Be7 46. Kf2 Rb1 47. Nd3 Bxb4 0-1

[Event "V Floripa Open 2019"]
[Site "Florianopolis"]
[Date "2019.01.22"]
[Round "3.129"]
[White "Boabaid, Jorge Alberto Duard"]
[Black "Salvadego, Erika Giovana De O."]
[Result "1-0"]
[WhiteElo "1868"]
[BlackElo "1603"]
[PlyCount "69"]
[EventDate "2019.01.21"]
[EventType "swiss"]
[EventRounds "10"]
[EventCountry "BRA"]

1. Nf3 Nf6 2. c4 e6 3. Nc3 Be7 4. e4 O-O 5. d4 d5 6. e5 Ne8 7. cxd5 exd5 8. Bd3 c6 9. h3 f6 10. Qc2 h6 11. Nh4 f5 12. Nxf5 Bxf5 13. Bxf5 Bg5 14. O-O Bxc1 15. Raxc1 Nc7 16. Bg4 Nd7 17. f4 Qe7 18. Qb3 Rab8 19. Ne4 Kh8 20. Nd6 Nb6 21. Qg3 Ne6 22. Nf5 Qf7 23. Qh4 Nc7 24. Nd6 Qg8 25. Qe7 Nb5 26. Be6 Qh7 27. Nf7+ Rxf7 28. Qxf7 Nxd4 29. Bg4 Nb5 30. f5 Nc4 31. e6 Ne5 32. Qh5 Nxg4 33. hxg4 Nc7 34. Rce1 Qg8 35. g5 1-0

[Event "V Floripa Open 2019"]
[Site "Florianopolis"]
[Date "2019.01.22"]
[Round "3.130"]
[White "Grillo, Carlos Henrique Gom"]
[Black "Silva, Fernando So Barros "]
[Result "1-0"]
[WhiteElo "1950"]
[BlackElo "1867"]
[PlyCount "99"]
[EventDate "2019.01.21"]
[EventType "swiss"]
[EventRounds "10"]
[EventCountry "BRA"]

1. e4 c5 2. Nf3 e6 3. d4 cxd4 4. Nxd4 Nf6 5. Nc3 Bb4 6. Bd2 Nc6 7. Nb3 a6 8. a3 Be7 9. Bd3 Qc7 10. O-O b5 11. Be3 d6 12. f3 Bb7 13. Qe1 Ne5 14. Rd1 O-O 15. Qf2 Nfd7 16. Be2 Nc4 17. Bxc4 bxc4 18. Nc1 Nf6 19. N1e2 Bc6 20. Kh1 Rab8 21. Bc1 e5 22. Ng3 g6 23. Qe2 Ba8 24. Rfe1 Rfe8 25. Nf1 Bf8 26. Nd2 Rbc8 27. Qe3 Nh5 28. Ne2 Qe7 29. Nf1 h6 30. g4 Nf6 31. g5 hxg5 32. Qxg5 Bg7 33. Ne3 d5 34. exd5 e4 35. f4 Qd6 36. Rg1 Nh7 37. Qg4 Nf6 38. Qg5 Nh7 39. Qg3 Qf8 40. h4 Nf6 41. f5 Nh5 42. Qg4 Qe7 43. fxg6 fxg6 44. d6 Qe6 45. d7 Qxg4 46. dxe8=Q+ Rxe8 47. Rxg4 Kh7 48. Nf4 Nf6 49. Rxg6 Nh5 50. Rg4 1-0

[Event "V Floripa Open 2019"]
[Site "Florianopolis"]
[Date "2019.01.22"]
[Round "3.131"]
[White "Filho, Marcelo Adriano Nun"]
[Black "De Oliveira, Luca Manoel"]
[Result "1-0"]
[WhiteElo "1866"]
[BlackElo "1593"]
[PlyCount "88"]
[EventDate "2019.01.21"]
[EventType "swiss"]
[EventRounds "10"]
[EventCountry "BRA"]

1. e4 e5 2. Nf3 Nf6 3. Nc3 Nc6 4. Bc4 Nxe4 5. Nxe4 d5 6. Bxd5 Qxd5 7. Nc3 Qd6 8. h3 Bf5 9. O-O Be7 10. Re1 Bf6 11. d3 O-O 12. Ne4 Qe7 13. b3 Rfe8 14. Bb2 Rad8 15. Qe2 Bxe4 16. Qxe4 Qe6 17. Qa4 a6 18. Re2 Rd5 19. Qg4 Qxg4 20. hxg4 h6 21. Rae1 Re6 22. a3 Kf8 23. g3 Ke7 24. Re4 g5 25. Kg2 Bg7 26. R1e3 f6 27. c4 Rd8 28. d4 Nb8 29. dxe5 fxe5 30. Bxe5 Bxe5 31. Rxe5 Rxe5 32. Nxe5 Kf6 33. f4 Nc6 34. Nxc6 bxc6 35. f5 Rd7 36. Kf3 Re7 37. Rxe7 Kxe7 38. Ke4 Kf6 39. Kd4 h5 40. gxh5 Kxf5 41. g4+ Kxg4 42. h6 Kf4 43. h7 g4 44. h8=Q Kg3 1-0

[Event "V Floripa Open 2019"]
[Site "Florianopolis"]
[Date "2019.01.22"]
[Round "3.132"]
[White "Felix, Raimundo Nascimento"]
[Black "Zampronha, Vitor Luis"]
[Result "1/2-1/2"]
[WhiteElo "1859"]
[BlackElo "1593"]
[PlyCount "153"]
[EventDate "2019.01.21"]
[EventType "swiss"]
[EventRounds "10"]
[EventCountry "BRA"]

1. e4 c5 2. Nc3 e6 3. Nf3 Nc6 4. Bb5 Qc7 5. d3 Nf6 6. a4 Be7 7. O-O O-O 8. h3 a6 9. Bc4 Rd8 10. Qe2 d5 11. Ba2 Nd4 12. Nxd4 cxd4 13. Nd1 dxe4 14. dxe4 b5 15. Bb3 Bb7 16. f3 Bc5 17. Nf2 Qg3 18. Nd3 Qc7 19. Bf4 Qxf4 20. Nxf4 d3+ 21. Kh1 dxe2 22. Nxe2 Rd2 23. Nf4 Bc6 24. Nd3 bxa4 25. Bxa4 Bxa4 26. Rxa4 Rxc2 27. Rfa1 Bf8 28. b4 Rd8 29. Nc5 Bxc5 30. bxc5 Rxc5 31. Rxa6 Rc7 32. Kg1 g6 33. R6a2 Rdc8 34. Kf2 Rc2+ 35. Ke1 Rxa2 36. Rxa2 Rc1+ 37. Kd2 Rg1 38. Ke3 Nh5 39. Kf2 Rb1 40. g3 f5 41. exf5 exf5 42. h4 f4 43. gxf4 Nxf4 44. Kg3 Nh5+ 45. Kg2 Rb4 46. Kh3 Rf4 47. Ra3 Kg7 48. Rb3 h6 49. Ra3 g5 50. hxg5 hxg5 51. Rb3 Kg6 52. Ra3 Nf6 53. Kg3 Nh5+ 54. Kh3 Rd4 55. Ra5 Rd3 56. Kg2 Nf6 57. Kf2 Nd5 58. Ra6+ Kf5 59. Ra8 Nf6 60. Ra5+ Nd5 61. Ra8 Rd2+ 62. Kg3 Nf6 63. Ra5+ Rd5 64. Ra8 Nh5+ 65. Kf2 Rb5 66. Rf8+ Ke5 67. Re8+ Kf4 68. Rf8+ Rf5 69. Ra8 Nf6 70. Ra4+ Ke5 71. Ra5+ Nd5 72. Kg3 Kd4 73. Ra6 Re5 74. Ra4+ Kd3 75. Ra3+ Nc3 76. f4 Re3+ 77. Kg4 1/2-1/2

[Event "V Floripa Open 2019"]
[Site "Florianopolis"]
[Date "2019.01.22"]
[Round "3.133"]
[White "Sato, Claudio Takeshi"]
[Black "Serafim Junior, Arnor"]
[Result "1/2-1/2"]
[WhiteElo "1560"]
[BlackElo "1857"]
[PlyCount "135"]
[EventDate "2019.01.21"]
[EventType "swiss"]
[EventRounds "10"]
[EventCountry "BRA"]

1. b3 d6 2. Bb2 e5 3. e3 Nf6 4. Ne2 Bg4 5. g3 Bf3 6. Rg1 Qd7 7. d3 Nc6 8. Nbc3 Be7 9. Qd2 h5 10. h3 O-O-O 11. e4 Kb8 12. Qe3 Bxe2 13. Nxe2 Nh7 14. O-O-O Rhg8 15. f4 f6 16. h4 g5 17. Kb1 gxh4 18. gxh4 Rxg1 19. Qxg1 Qe8 20. Bh3 Qf7 21. Qh2 Rg8 22. Rf1 Qg7 23. Be6 Qg2 24. Rf2 Qxh2 25. Rxh2 Rg7 26. Bc1 Nd8 27. Bf5 Nf7 28. Nc3 c6 29. Ne2 d5 30. exd5 cxd5 31. Nc3 d4 32. Nd5 Nd6 33. Bxh7 Rxh7 34. Ba3 Nf5 35. Nxe7 Nxe7 36. fxe5 fxe5 37. Bd6+ Kc8 38. Bxe5 Nc6 39. Bf6 Rf7 40. Bg5 Ne5 41. Re2 Nf3 42. Re8+ Kd7 43. Rh8 Nxg5 44. hxg5 Rg7 45. Rxh5 Ke6 46. Rh4 Ke5 47. Rg4 a6 48. a4 a5 49. Kc1 Rg6 50. Kd2 Kd5 51. Ke2 Ke5 52. Kf2 Rc6 53. g6 Rxc2+ 54. Kf3 Rc8 55. Rg5+ Kf6 56. Kg4 Rc1 57. Rxa5 Kxg6 58. Kf4 Rc3 59. Ke4 Rxb3 60. Kxd4 Ra3 61. Kc4 Kf6 62. d4 Ke7 63. Kc5 Rb3 64. Rb5 Rc3+ 65. Kb6 Rc4 66. d5 Rxa4 67. Kxb7 Kd6 68. Rb6+ 1/2-1/2

[Event "V Floripa Open 2019"]
[Site "Florianopolis"]
[Date "2019.01.22"]
[Round "3.134"]
[White "Silva, Janderson Rossi Da"]
[Black "Quaresma, Givanildo Ribeiro"]
[Result "1-0"]
[WhiteElo "1850"]
[BlackElo "1586"]
[PlyCount "49"]
[EventDate "2019.01.21"]
[EventType "swiss"]
[EventRounds "10"]
[EventCountry "BRA"]

1. e4 e5 2. Nf3 Nc6 3. d4 exd4 4. Nxd4 Bc5 5. Nb3 Bb6 6. Nc3 Nf6 7. Bg5 Bxf2+ 8. Kxf2 d5 9. Bxf6 Qxf6+ 10. Qf3 Qxf3+ 11. gxf3 dxe4 12. Nxe4 Bf5 13. Bb5 O-O-O 14. Bxc6 bxc6 15. Rad1 Rd5 16. c4 Re5 17. Rhe1 Be6 18. Rc1 Rh5 19. Kg2 Rd8 20. Nbc5 Bh3+ 21. Kf2 Bf5 22. Ng3 Rxh2+ 23. Kg1 Rxb2 24. Nxf5 Rxa2 25. Ne7+ 1-0

[Event "V Floripa Open 2019"]
[Site "Florianopolis"]
[Date "2019.01.22"]
[Round "3.135"]
[White "Salvadego, Matheus Henrique De"]
[Black "Ramirez Brizuela, Juan Bartolome"]
[Result "1-0"]
[WhiteElo "1844"]
[BlackElo "1582"]
[PlyCount "90"]
[EventDate "2019.01.21"]
[EventType "swiss"]
[EventRounds "10"]
[EventCountry "BRA"]

1. d4 Nf6 2. c4 g6 3. Nc3 Bg7 4. e4 d6 5. Nf3 O-O 6. Be2 e5 7. O-O Nc6 8. d5 Ne7 9. Ne1 Nd7 10. Be3 f5 11. f3 b6 12. b4 Nf6 13. c5 bxc5 14. bxc5 f4 15. Bf2 g5 16. cxd6 cxd6 17. Rc1 a6 18. Na4 Nd7 19. Qb3 Rb8 20. Qa3 Rf6 21. Bc4 h5 22. Nd3 Kh7 23. Nb4 Bb7 24. Bxa6 Bxa6 25. Nxa6 Rb7 26. Rb1 Qa8 27. Rxb7 Qxb7 28. Qd3 Ng6 29. Rb1 Qa8 30. Nb6 Nxb6 31. Rxb6 Qc8 32. Rc6 Qb7 33. Qb3 Qa8 34. Qb8 Qxb8 35. Nxb8 Ne7 36. Rc7 Ng6 37. a4 Rf8 38. Rb7 Ne7 39. a5 Nc8 40. a6 Kg6 41. Nd7 Rd8 42. Bb6 Rxd7 43. Rxd7 Nxb6 44. a7 Na8 45. Rd8 Nb6 1-0

[Event "V Floripa Open 2019"]
[Site "Florianopolis"]
[Date "2019.01.22"]
[Round "3.136"]
[White "Dias Filho, Pedro Stein"]
[Black "Alves, Josue Pires"]
[Result "0-1"]
[WhiteElo "1507"]
[BlackElo "1841"]
[PlyCount "80"]
[EventDate "2019.01.21"]
[EventType "swiss"]
[EventRounds "10"]
[EventCountry "BRA"]

1. e4 d5 2. exd5 Qxd5 3. Nc3 Qe6+ 4. Be2 Qg6 5. Nf3 Nc6 6. d4 Bg4 7. Bf4 O-O-O 8. Bd3 Bxf3 9. Qxf3 Nxd4 10. Qh3+ Qe6+ 11. Qxe6+ Nxe6 12. Bf5 Nf6 13. Bxe6+ fxe6 14. Nb5 c6 15. Nxa7+ Kd7 16. Rd1+ Ke8 17. c4 Ra8 18. Be3 Ng4 19. Bb6 Ne5 20. b3 g5 21. Ke2 Bg7 22. f3 Nd7 23. c5 Rf8 24. Rd3 Nf6 25. b4 Nd5 26. Rb3 Rf4 27. a3 Kd7 28. Rd1 Ke8 29. b5 Nc3+ 30. Rxc3 Bxc3 31. bxc6 bxc6 32. Nxc6 Rxa3 33. Rd8+ Kf7 34. Bc7 Rfa4 35. Rd7 Bf6 36. Kf2 Ra2+ 37. Kg3 Re2 38. Bb6 Raa2 39. f4 Rxg2+ 40. Kh3 g4# 0-1

[Event "V Floripa Open 2019"]
[Site "Florianopolis"]
[Date "2019.01.22"]
[Round "3.137"]
[White "De Haro, Martim Afonso Palma"]
[Black "Nunes, Guilherme Sacardo T"]
[Result "0-1"]
[WhiteElo "1837"]
[BlackElo "1572"]
[PlyCount "79"]
[EventDate "2019.01.21"]
[EventType "swiss"]
[EventRounds "10"]
[EventCountry "BRA"]

1. e4 e6 2. d4 d5 3. Nc3 Nf6 4. Bg5 dxe4 5. Nxe4 Nbd7 6. Nf3 Be7 7. Bxf6 Nxf6 8. Bd3 O-O 9. h4 h5 10. Qe2 Nd5 11. g3 b6 12. Nfg5 g6 13. c3 Bb7 14. O-O-O c5 15. dxc5 Qc7 16. Nd6 Bxg5+ 17. hxg5 bxc5 18. Nxb7 Qxb7 19. f4 Rab8 20. Rh2 Rfe8 21. Rd2 c4 22. Bxc4 Nxc3 23. Qd3 Ne4 24. Rde2 Nc5 25. Qd4 Rbc8 26. Kb1 Red8 27. Qe3 Qb4 28. b3 Na4 29. Rc2 Rd1+ 30. Rc1 Rxc1+ 31. Qxc1 Nb6 32. Rc2 Nxc4 33. Ka1 Nb6 34. Rxc8+ Nxc8 35. Qxc8+ Kg7 36. Kb2 Qd4+ 37. Qc3 Qxc3+ 38. Kxc3 f6 39. b4 e5 40. gxf6+ 0-1

[Event "V Floripa Open 2019"]
[Site "Florianopolis"]
[Date "2019.01.22"]
[Round "3.138"]
[White "Rosa, Gabriel Redon"]
[Black "Valcarcel, Victor Ignacio Sant"]
[Result "0-1"]
[WhiteElo "1469"]
[BlackElo "1837"]
[PlyCount "56"]
[EventDate "2019.01.21"]
[EventType "swiss"]
[EventRounds "10"]
[EventCountry "BRA"]

1. e4 e5 2. Bc4 Nf6 3. d3 c6 4. Nf3 d5 5. exd5 cxd5 6. Bb3 Nc6 7. h3 Bc5 8. O-O O-O 9. a3 Bf5 10. Nc3 h6 11. Be3 d4 12. Na4 b6 13. Nxc5 bxc5 14. Bd2 e4 15. dxe4 Nxe4 16. Re1 Re8 17. Bf4 Qf6 18. Bh2 Rad8 19. Rf1 Re7 20. Nd2 Qg6 21. g4 d3 22. c3 h5 23. f3 Nf6 24. Kh1 Re2 25. Rg1 hxg4 26. fxg4 Be4+ 27. Rg2 Rxg2 28. Nf3 Nxg4 0-1

[Event "V Floripa Open 2019"]
[Site "Florianopolis"]
[Date "2019.01.22"]
[Round "3.149"]
[White "Britez, G Jorge A"]
[Black "Andersson, Cristian de Oliveir"]
[Result "1-0"]
[WhiteElo "1812"]
[BlackElo "1345"]
[PlyCount "43"]
[EventDate "2019.01.21"]
[EventType "swiss"]
[EventRounds "10"]
[EventCountry "BRA"]

1. e4 c6 2. d4 d5 3. Nd2 dxe4 4. Nxe4 Bf5 5. Ng3 Bg6 6. N1e2 Nf6 7. Nf4 e6 8. h4 Bd6 9. h5 Be4 10. f3 Qc7 11. fxe4 Bxf4 12. Bxf4 Qxf4 13. Qf3 Qc7 14. O-O-O Nbd7 15. e5 Nd5 16. Ne4 Nxe5 17. dxe5 Qxe5 18. c4 Nf6 19. Nd6+ Ke7 20. Nxb7 Rab8 21. Qa3+ Ke8 22. Nd6+ 1-0

[Event "V Floripa Open 2019"]
[Site "Florianopolis"]
[Date "2019.01.23"]
[Round "4"]
[White "Supi, Luis Paulo"]
[Black "Matsuura, Frederico"]
[Result "0-1"]
[WhiteElo "2546"]
[BlackElo "2248"]
[Annotator "TA"]
[PlyCount "87"]
[EventDate "2019.01.21"]
[EventType "swiss"]
[EventRounds "10"]
[EventCountry "BRA"]
[SourceTitle "playchess.com"]
[Source "ChessBase"]
[SourceQuality "1"]

1. d4 Nf6 2. c4 e6 3. Nc3 d5 4. Bg5 Be7 5. e3 h6 6. Bh4 Ne4 7. Bxe7 Qxe7 8. cxd5 Nxc3 9. bxc3 exd5 10. Qb3 c6 11. Nf3 O-O 12. Bd3 Nd7 13. a4 Nf6 14. Qa3 Qxa3 15. Rxa3 Ne8 16. O-O Nd6 17. Nd2 Be6 18. f3 Rac8 19. e4 c5 20. exd5 Bxd5 21. c4 Be6 22. d5 Bf5 23. Bxf5 Nxf5 24. Ne4 Rfd8 25. Rb1 Rd7 26. Rab3 b6 27. a5 Nd4 28. R3b2 bxa5 29. Rb8 Rxb8 30. Rxb8+ Kh7 31. Rc8 a4 32. Rxc5 f5 33. Nc3 Nb3 34. Rc8 a3 35. Rc6 a5 36. Kf2 f4 37. Rb6 Nd2 38. Rc6 Nb1 39. Ra6 Nxc3 40. Rxa5 a2 41. Ke1 Rc7 42. Kd2 Rxc4 43. d6 Na4 44. Ke1 0-1

[Event "V Floripa Open 2019"]
[Site "Florianopolis"]
[Date "2019.01.23"]
[Round "4"]
[White "Belmonte, Diego Mariano"]
[Black "Granda Zuniga, Julio E"]
[Result "0-1"]
[WhiteElo "2309"]
[BlackElo "2641"]
[Annotator "TA"]
[PlyCount "129"]
[EventDate "2019.01.21"]
[EventType "swiss"]
[EventRounds "10"]
[EventCountry "BRA"]
[SourceTitle "playchess.com"]
[Source "ChessBase"]
[SourceQuality "1"]

1. d4 Nf6 2. c4 e6 3. Nc3 d5 4. cxd5 exd5 5. Nf3 Bd6 6. Bg5 c6 7. Qc2 Na6 8. a3 Nc7 9. e3 Qe7 10. Bd3 Bg4 11. O-O-O h6 12. Bh4 g5 13. Bg3 Bxg3 14. hxg3 O-O-O 15. Kb1 Kb8 16. Rc1 Bxf3 17. gxf3 h5 18. Na4 Nd7 19. Nc5 Nxc5 20. Qxc5 Qf6 21. f4 h4 22. Qc2 gxf4 23. gxf4 Ne8 24. Qe2 Nd6 25. Qf3 Rdg8 26. Rh2 Qe7 27. Rch1 f5 28. Ka2 Ne4 29. Qh3 Qf6 30. Rg2 Rg6 31. Rgh2 a6 32. Qf1 Ka7 33. Qh3 Rg7 34. Qf1 Rc7 35. Qh3 c5 36. dxc5 Rxc5 37. Qf3 Rc6 38. Qe2 Rb6 39. Rc1 Rd8 40. f3 Ng3 41. Qd2 Qe7 42. Re1 Qf6 43. Qc1 Rc6 44. Qd2 Ne4 45. Qe2 Nc5 46. Bc2 Rb6 47. b4 Ne6 48. Qd3 Rc6 49. Qxf5 Qc3 50. Ree2 Nc7 51. Qd3 Nb5 52. Rd2 Qf6 53. Qf5 Qe7 54. Qe5 Re6 55. Qg5 Qc7 56. Qg1 Qb6 57. Rd3 Rc8 58. Qe1 d4 59. e4 Rec6 60. Bb3 Rc1 61. Qd2 Nc3+ 62. Rxc3 R1xc3 63. Rxh4 d3 64. Qd1 Qf2+ 65. Qd2 0-1

[Event "V Floripa Open 2019"]
[Site "Florianopolis"]
[Date "2019.01.23"]
[Round "4.130"]
[White "Colas Longares, Rafael P."]
[Black "Goncalves, Luiz Osvaldo Cifuen"]
[Result "0-1"]
[WhiteElo "2337"]
[BlackElo "1788"]
[PlyCount "65"]
[EventDate "2019.01.21"]
[EventType "swiss"]
[EventRounds "10"]
[EventCountry "BRA"]

1. d4 Nf6 2. c4 c5 3. e3 e6 4. Nf3 Be7 5. Nc3 O-O 6. Bd3 d5 7. cxd5 exd5 8. O-O c4 9. Be2 Nc6 10. h3 h6 11. b3 cxb3 12. Qxb3 a6 13. a4 Na5 14. Qc2 Be6 15. Ba3 Rc8 16. Bxe7 Qxe7 17. Bd3 Nc6 18. Qb3 Qb4 19. Nd2 Qxb3 20. Nxb3 Nb4 21. Nxd5 Bxd5 22. Nc1 Rxc1 23. Raxc1 Nxd3 24. Rc7 Bc6 25. Rb1 Nd5 26. Rcxb7 Bxb7 27. Rxb7 f5 28. Rb3 N3b4 29. Kf1 Rc8 30. f3 Rc3 31. Rxc3 Nxc3 32. Ke1 Nxa4 33. e4 0-1

[Event "V Floripa Open 2019"]
[Site "Florianopolis"]
[Date "2019.01.23"]
[Round "4.194"]
[White "Santos, Matheus G De Olivei"]
[Black "Parreira, Teodora Ribeiro"]
[Result "1/2-1/2"]
[WhiteElo "1318"]
[BlackElo "1593"]
[PlyCount "90"]
[EventDate "2019.01.21"]
[EventType "swiss"]
[EventRounds "10"]
[EventCountry "BRA"]

1. d4 Nf6 2. c4 g6 3. Nc3 Bg7 4. e4 d6 5. Be2 O-O 6. Nf3 Nbd7 7. O-O e5 8. Be3 c6 9. h3 Qe7 10. d5 cxd5 11. cxd5 Nc5 12. Nd2 a5 13. a4 Nfd7 14. Nb5 f5 15. f3 Kh8 16. Qc2 f4 17. Bf2 Nb6 18. Rfc1 Ncd7 19. Qc7 Qd8 20. Qxd8 Rxd8 21. Nxd6 Kg8 22. Rc7 Rb8 23. Rac1 Bf8 24. Nxc8 Rdxc8 25. Bb5 Rxc7 26. Rxc7 Bd6 27. Rc1 Kf8 28. Nb3 Bb4 29. Nc5 Bxc5 30. Bxc5+ Nxc5 31. Rxc5 Rc8 32. Rxc8+ Nxc8 33. Kf2 Nd6 34. Be2 Ke7 35. g3 g5 36. h4 h6 37. hxg5 hxg5 38. gxf4 gxf4 39. Ke1 Kd7 40. Kd2 Kc7 41. Kc3 Kb6 42. b4 Nf7 43. Bd1 axb4+ 44. Kxb4 Nd6 45. Bc2 Kc7 1/2-1/2

[Event "V Floripa Open 2019"]
[Site "Florianopolis"]
[Date "2019.01.24"]
[Round "5.171"]
[White "Reinaldo Dos Santos, Julio"]
[Black "Colas Longares, Rafael P."]
[Result "1-0"]
[WhiteElo "1922"]
[BlackElo "2337"]
[PlyCount "65"]
[EventDate "2019.01.21"]
[EventType "swiss"]
[EventRounds "10"]
[EventCountry "BRA"]

1. d4 Nf6 2. c4 e6 3. Nf3 d5 4. Nc3 c5 5. Bg5 Nc6 6. cxd5 exd5 7. dxc5 d4 8. Bxf6 Qxf6 9. Nb5 Qd8 10. Nbxd4 Nxd4 11. Qxd4 Qxd4 12. Nxd4 Bxc5 13. O-O-O O-O 14. e3 Bd7 15. Be2 Rac8 16. Kb1 Rfe8 17. Bf3 b6 18. Bd5 Bxd4 19. Rxd4 Bc6 20. Bxc6 Rxc6 21. Rc1 Rf6 22. Rd2 h6 23. Rc7 a5 24. Rcd7 Kh7 25. R7d6 Rfe6 26. Rxe6 Rxe6 27. Kc2 g5 28. Kb3 f5 29. Kc4 g4 30. Kd5 Rf6 31. Ke5 Kg6 32. Rd6 Rxd6 33. Kxd6 1-0

[Event "V Floripa Open 2019"]
[Site "Florianopolis"]
[Date "2019.01.24"]
[Round "5.197"]
[White "Rodrigues Mota, Sophia Lorena"]
[Black "Ferreira Junior, Luiz Carlos A."]
[Result "0-1"]
[WhiteElo "1498"]
[BlackElo "1995"]
[PlyCount "43"]
[EventDate "2019.01.21"]
[EventType "swiss"]
[EventRounds "10"]
[EventCountry "BRA"]

1. e4 e5 2. Nf3 Nc6 3. d4 exd4 4. c3 dxc3 5. Bc4 Nf6 6. Nxc3 d6 7. Bf4 Be7 8. Nd5 Nxe4 9. Nxc7+ Qxc7 10. Qd5 Qa5+ 11. Nd2 Qxd5 12. Bxd5 Nxd2 13. Bxd2 O-O 14. Bxc6 bxc6 15. Bc3 Ba6 16. O-O-O d5 17. Rhe1 Bg5+ 18. Kb1 Rfe8 19. Rxe8+ Rxe8 20. Rd4 Bf6 21. Rd3 Bxc3 22. bxc3 0-1

[Event "V Floripa Open 2019"]
[Site "Florianopolis"]
[Date "2019.01.24"]
[Round "6.169"]
[White "Ferreira Junior, Luiz Carlos A."]
[Black "Da Silva, Camila Evaristo"]
[Result "0-1"]
[WhiteElo "1995"]
[BlackElo "1633"]
[PlyCount "58"]
[EventDate "2019.01.21"]
[EventType "swiss"]
[EventRounds "10"]
[EventCountry "BRA"]

1. e4 c5 2. Nf3 d6 3. d4 cxd4 4. Nxd4 Nf6 5. Nc3 a6 6. f3 e5 7. Nb3 Be7 8. Be3 Be6 9. Qd2 Nbd7 10. O-O-O Rc8 11. g4 Qc7 12. h4 b5 13. h5 b4 14. Nb1 d5 15. g5 d4 16. Bxd4 exd4 17. gxf6 Bxf6 18. Bd3 Ne5 19. f4 Nxd3+ 20. Qxd3 Qxf4+ 21. N1d2 Qc7 22. Kb1 O-O 23. Rhg1 g6 24. hxg6 fxg6 25. Rdf1 a5 26. Na1 a4 27. Rf2 a3 28. b3 Qc3 29. Rgf1 Qb2# 0-1

[Event "V Floripa Open 2019"]
[Site "Florianopolis"]
[Date "2019.01.24"]
[Round "6.194"]
[White "Colas Longares, Rafael P."]
[Black "Ribeiro, Gilnei Guedes"]
[Result "1-0"]
[WhiteElo "2337"]
[BlackElo "1449"]
[PlyCount "47"]
[EventDate "2019.01.21"]
[EventType "swiss"]
[EventRounds "10"]
[EventCountry "BRA"]

1. d4 Nf6 2. c4 e6 3. Nc3 Bb4 4. Nf3 O-O 5. e3 c5 6. Bd3 Nc6 7. O-O cxd4 8. exd4 a6 9. Qc2 h6 10. a3 Bxc3 11. bxc3 Qc7 12. h3 b6 13. h4 Qd6 14. Bb2 Bb7 15. Nd2 Rac8 16. Ne4 Qe7 17. Rfe1 Rcd8 18. d5 Ne5 19. Nxf6+ Qxf6 20. Rad1 exd5 21. f4 Qxf4 22. Rf1 Qe3+ 23. Kh1 dxc4 24. Bh7+ 1-0

[Event "V Floripa Open 2019"]
[Site "Florianopolis"]
[Date "2019.01.25"]
[Round "7.167"]
[White "Cordeiro, Yan Henrique"]
[Black "Colas Longares, Rafael P."]
[Result "0-1"]
[WhiteElo "1631"]
[BlackElo "2337"]
[PlyCount "62"]
[EventDate "2019.01.21"]
[EventType "swiss"]
[EventRounds "10"]
[EventCountry "BRA"]

1. e4 e6 2. Qe2 Nc6 3. g3 d5 4. Bg2 Nf6 5. d3 Be7 6. Nc3 Bb4 7. Bd2 Nd4 8. Qd1 O-O 9. Nge2 Nxe2 10. Qxe2 Bd7 11. O-O-O d4 12. Nb1 c5 13. a3 Bxd2+ 14. Nxd2 e5 15. h3 b5 16. f4 b4 17. Nb1 Qc7 18. f5 Rab8 19. g4 bxa3 20. Nxa3 Qb6 21. Nc4 Qb4 22. g5 Bb5 23. gxf6 Bxc4 24. Qg4 Qxb2+ 25. Kd2 Qc3+ 26. Ke2 Qxc2+ 27. Kf3 g6 28. Qh4 Rb2 29. Rhg1 Qe2+ 30. Kg3 Qf2+ 31. Kg4 Qf4# 0-1

[Event "V Floripa Open 2019"]
[Site "Florianopolis"]
[Date "2019.01.26"]
[Round "8.129"]
[White "Colas Longares, Rafael P."]
[Black "Campagnolo, Fabiola"]
[Result "0-1"]
[WhiteElo "2337"]
[BlackElo "1797"]
[PlyCount "72"]
[EventDate "2019.01.21"]
[EventType "swiss"]
[EventRounds "10"]
[EventCountry "BRA"]

1. d4 Nf6 2. c4 g6 3. Nf3 d6 4. Nc3 Nbd7 5. Bg5 Bg7 6. Qd2 c5 7. Bh6 O-O 8. Bxg7 Kxg7 9. e3 cxd4 10. exd4 d5 11. cxd5 Nb6 12. Be2 Nbxd5 13. O-O b6 14. Bc4 Bb7 15. Qe2 Rc8 16. Nxd5 Nxd5 17. Ba6 Bxa6 18. Qxa6 Rc7 19. Qe2 Qd6 20. Rac1 Rfc8 21. Rxc7 Rxc7 22. a3 Nf4 23. Qe5+ Qxe5 24. dxe5 Nd3 25. b4 Rd7 26. h3 e6 27. g4 Rd5 28. Rd1 Nxe5 29. Rxd5 Nxf3+ 30. Kg2 Nh4+ 31. Kg3 exd5 32. Kxh4 Kf6 33. f4 Ke6 34. Kg3 d4 35. Kf2 Kd5 36. Ke2 Ke4 0-1

[Event "V Floripa Open 2019"]
[Site "Florianopolis"]
[Date "2019.01.26"]
[Round "9"]
[White "Languidey, Simon Alejandro"]
[Black "Cubas, Jose Fernando"]
[Result "0-1"]
[WhiteElo "2416"]
[BlackElo "2506"]
[Annotator "TA"]
[PlyCount "89"]
[EventDate "2019.01.21"]
[EventType "swiss"]
[EventRounds "10"]
[EventCountry "BRA"]
[SourceTitle "playchess.com"]
[Source "ChessBase"]
[SourceQuality "1"]

1. e4 c5 2. Nc3 Nc6 3. g3 g6 4. Bg2 Bg7 5. d3 d6 6. Nge2 Rb8 7. Be3 b5 8. a3 a5 9. Qd2 b4 10. axb4 axb4 11. Nd1 Nd4 12. O-O e6 13. Nc1 Bd7 14. h3 Qb6 15. g4 h5 16. g5 Ne7 17. f4 O-O 18. c3 bxc3 19. bxc3 Ndc6 20. Bf2 e5 21. Kh1 Ra8 22. Rxa8 Rxa8 23. fxe5 Nxe5 24. Ne3 Qa6 25. Bg3 Bb5 26. Rd1 Rf8 27. d4 cxd4 28. cxd4 Nc4 29. Nxc4 Bxc4 30. Nd3 d5 31. Nc5 Qa3 32. Bd6 Re8 33. Re1 Nc8 34. Bf4 Nb6 35. Bc7 dxe4 36. Bxb6 e3 37. Qc2 Qb4 38. Qc1 Bxd4 39. Nd7 Bxb6 40. Nxb6 Qxb6 41. Qxc4 Qa5 42. Rf1 Re7 43. Bd5 e2 44. Rxf7 e1=Q+ 45. Rf1+ 0-1